000 00306nam a2200121Ia 4500
008 190216s9999||||xx |||||||||||||| ||und||
100 _aLawrence D Schall & Charls W Haley
245 0 _aIntroduction To Financial Management
260 _bNull
_c1979
300 _a322p
650 _aCommerce
942 _cBK
999 _c5455
_d5455